Audels Electrical Motor Guied (Record no. 165972)

MARC details
000 -LEADER
fixed length control field 00446nam a2200169Ia 4500
008 - FIXED-LENGTH DATA ELEMENTS--GENERAL INFORMATION
fixed length control field 230612s9999 xx 000 0 und d
041 ## - LANGUAGE CODE
Language code of text/sound track or separate title eng
082 ## - DEWEY DECIMAL CLASSIFICATION NUMBER
Classification number 621.46 AND
100 ## - MAIN ENTRY--PERSONAL NAME
Personal name Anderson E.P.
9 (RLIN) 125462
245 ## - TITLE STATEMENT
Title Audels Electrical Motor Guied
260 ## - PUBLICATION, DISTRIBUTION, ETC. (IMPRINT)
Date of publication, distribution, etc. 1962
Name of publisher, distributor, etc. D.B.Taraporevala Sons & Co.
300 ## - PHYSICAL DESCRIPTION
Extent 1036
365 ## - TRADE PRICE
Currency code Rs.
700 ## - ADDED ENTRY--PERSONAL NAME
Personal name Anderson E.P. & Miller R.
9 (RLIN) 184782
906 ## - LOCAL DATA ELEMENT F, LDF (RLIN)
d B:17-Apr-2008
c ELECT
Holdings
Withdrawn status Lost status Damaged status Not for loan Home library Current library Date acquired Vendor Budget Code Total Checkouts Full call number Barcode Date last seen Bill Date Koha item type Original Barcode
        Cummins College of Engineering for Women Pune Cummins College of Engineering for Women Pune 25/02/1993 Masurkar Enterprises ELECT   621.46 AND CCEP-BK-1690 12/06/2023 17/04/2008 Books 001690